MAS yellow pages. (Record no. 542974)
[ view plain ]
| 000 -LEADER | |
|---|---|
| fixed length control field | 00266nam a22001097a 4500 |
| 082 ## - DEWEY DECIMAL CLASSIFICATION NUMBER | |
| Classification number | 380.10294 |
| Author Mark | MAS |
| -- | D |
| 110 ## - MAIN ENTRY--CORPORATE NAME | |
| Corporate name or jurisdiction name as entry element | M.A.S Agencies |
| 9 (RLIN) | 38361 |
| 245 ## - TITLE STATEMENT | |
| Title | MAS yellow pages. |
| 300 ## - PHYSICAL DESCRIPTION | |
| Extent | 913p.: |
| Other physical details | ill.; |
| 526 ## - STUDY PROGRAM INFORMATION NOTE | |
| Program name | 0 |
| Interest level | 0 |
| Reading level | 0 |
| Title point value | 380_102940000000000_MAS |
| 942 ## - ADDED ENTRY ELEMENTS (KOHA) | |
| Source of classification or shelving scheme | |
| Koha item type | Book |
| Withdrawn status | Lost status | Source of classification or shelving scheme | Damaged status | Not for loan | Permanent Location | Current Location | Date acquired | Total Checkouts | Full call number | Barcode | Date last seen | Price effective from | Koha item type |
|---|---|---|---|---|---|---|---|---|---|---|---|---|---|
| Military College of Engineering (MCE) | Military College of Engineering (MCE) | 02/27/2014 | 380.10294 MAS | MCE-35144 | 02/27/2014 | 02/27/2014 | Book |
